Obce okresu Česká Lípa - Statistics

General Stats
  • This quiz has been taken 59 times
  • The average score is 22 of 57
Answer Stats
Počet obyvatel Odpověď % Correct
37 483 Česká Lípa
100%
11 412 Nový Bor
100%
4 558 Cvikov
94%
5 119 Doksy
88%
6 378 Mimoň
88%
3 823 Kamenický Šenov
81%
2 239 Ralsko
75%
3 816 Stráž pod Ralskem
75%
1 671 Dubá
69%
853 Jestřebí
69%
2 937 Zákupy
69%
346 Bezděz
56%
703 Zahrádky
56%
1 582 Skalice u České Lípy
50%
705 Sloup v Čechách
50%
699 Svor
50%
1 325 Brniště
44%
720 Provodín
44%
1 935 Žandov
44%
334 Mařenice
38%
310 Noviny pod Ralskem
38%
431 Polevsko
38%
798 Kravaře
31%
345 Okna
31%
688 Sosnová
31%
613 Blíževedly
25%
290 Chlum
25%
564 Holany
25%
635 Kunratice u Cvikova
25%
792 Nový Oldřichov
25%
435 Pertoltice pod Ralskem
25%
458 Prysk
25%
147 Slunečná
25%
1 008 Stružnice
25%
328 Stvolínky
25%
274 Svojkov
25%
264 Tuhaň
25%
117 Ždírec
25%
116 Blatce
19%
180 Chotovice
19%
631 Dubnice
19%
478 Hamr na Jezeře
19%
849 Horní Libchava
19%
726 Horní Police
19%
161 Kozly
19%
178 Krompach
19%
228 Kvítkov
19%
97 Luka
19%
593 Okrouhlá
19%
174 Velenice
19%
743 Volfartice
19%
242 Bohatice
13%
268 Radvanec
13%
177 Skalka u Doks
13%
221 Tachov
13%
196 Velký Valtinov
13%
117 Vrchovany
13%
No matching quizzes found
Score Distribution
Percent of People with Each Score
Percentile by Number Answered
Your Score History
You have not taken this quiz